L'affectivité en éducation. Pour une pensée de la sensibilité (Record no. 928)

MARC details
000 -LEADER
fixed length control field 01395nam a2200253 4500
008 - FIXED-LENGTH DATA ELEMENTS--GENERAL INFORMATION
fixed length control field s2002 be fre u
020 ## - INTERNATIONAL STANDARD BOOK NUMBER
International Standard Book Number 2804139956
020 ## - INTERNATIONAL STANDARD BOOK NUMBER
International Standard Book Number 9782804139957
040 ## - CATALOGING SOURCE
Original cataloging agency LB-BrCRDP
082 1# - DEWEY DECIMAL CLASSIFICATION NUMBER
Classification number 370.15
Item number MEY
100 1# - MAIN ENTRY--PERSONAL NAME
Personal name Meyor, Catherine
245 12 - TITLE STATEMENT
Title L'affectivité en éducation. Pour une pensée de la sensibilité
Statement of responsibility, etc. Catherine Meyor
260 ## - PUBLICATION, DISTRIBUTION, ETC.
Place of publication, distribution, etc. Bruxelles
Name of publisher, distributor, etc. De Boeck
Date of publication, distribution, etc. 2002
300 ## - PHYSICAL DESCRIPTION
Extent 263 p.
Dimensions 24 cm
490 0# - SERIES STATEMENT
Series statement Perspectives en éducation et formation
500 ## - GENERAL NOTE
General note Table des matières, références.
520 ## - SUMMARY, ETC.
Summary, etc. Alors que les réformes éducatives en cours mettent l'accent sur la culture de la compétence, cet ouvrage nous rappelle que la représentation, qui se conjugue sur le mode de la conceptualisation et de l'explication, n'est pas le seul mode d'être du psychisme, porté, au contraire, par l'affectivité ou plutôt la sensibilité, laissée pour compte dans nos milieux éducatifs. Ce livre propose des pistes pour la prise en compte de la sensibilité en éducation, principalement par le biais de l'altitude de l'éducateur dont le rôle est aux antipodes de celui de technicien de l'enseignement/apprentissage que certains veulent lui attribuer.
650 4# - SUBJECT ADDED ENTRY--TOPICAL TERM
Topical term or geographic name entry element Education
650 4# - SUBJECT ADDED ENTRY--TOPICAL TERM
Topical term or geographic name entry element Enseignement
650 4# - SUBJECT ADDED ENTRY--TOPICAL TERM
Topical term or geographic name entry element Apprentissage
650 4# - SUBJECT ADDED ENTRY--TOPICAL TERM
Topical term or geographic name entry element Psychopédagogie
942 ## - ADDED ENTRY ELEMENTS (KOHA)
Koha item type Books
Holdings
Withdrawn status Lost status Source of classification or shelving scheme Damaged status Not for loan Home library Current library Shelving location Date acquired Source of acquisition Cost, normal purchase price Total Checkouts Full call number Barcode Date last seen Copy number Price effective from Koha item type
    Dewey Decimal Classification     مكتبة دار المعلمين و المعلمات - النبطية مكتبة دار المعلمين و المعلمات - النبطية Salle de Lecture 12/22/2005 Ambassade de France 0.00   371.94 MEY. CRN397 07/28/2016 1 07/28/2016 Books
    Dewey Decimal Classification     مكتبة دار المعلمين و المعلمات - بئر حسن مكتبة دار المعلمين و المعلمات - بئر حسن Salle de Lecture 12/19/2006 Ambassade de France 0.00   152.4 Mey CRB1566 07/27/2016 1 07/27/2016 Books
    Dewey Decimal Classification     مكتبة دار المعلمين و المعلمات - جونية مكتبة دار المعلمين و المعلمات - جونية Salle de Lecture 12/22/2005 Ambassade de France 0.00   371.94 MEY. CRJ397 07/27/2016 1 07/27/2016 Books
    Dewey Decimal Classification     مكتبة دار المعلمين و المعلمات - زحلة مكتبة دار المعلمين و المعلمات - زحلة Salle de Lecture 10/05/2006 Amb. de France 34.05   370.15 MEY CRZ937 07/26/2016 1 07/26/2016 Books
    Dewey Decimal Classification     مكتبة دار المعلمين و المعلمات - صيدا مكتبة دار المعلمين و المعلمات - صيدا Salle de Lecture 09/29/2006 Ambassade de France 30.04   371.3 MEY CRS1237 07/28/2016 1 07/28/2016 Books